<?xml version="1.0" encoding="UTF-8"?>
<marc:record xmlns:marc="http://www.loc.gov/MARC21/slim">
   <marc:leader>00000nam a2200000 a 4500</marc:leader>
   <marc:datafield ind1="0" ind2="0" tag="245">
      <marc:subfield code="a">Fright Night</marc:subfield>
   </marc:datafield>
   <marc:datafield ind1=" " ind2="1" tag="264">
      <marc:subfield code="b">DVD Video</marc:subfield>
      <marc:subfield code="c">2012</marc:subfield>
   </marc:datafield>
   <marc:datafield ind1="1" ind2=" " tag="520">
      <marc:subfield code="a">Für Charley (Anton Yelchin) könnten die letzten Monate an der High School nicht besser laufen. Er gehört zu den coolen Kids der Schule und geht mit Amy (Imogen Poots), dem heißesten Mädchen von allen, aus. Kein Wunder, dass er seinen langjährigen - aber verschrobenen - Freund Ed (Christopher Mintz-Plasse) mit seinen Vampirgeschichten nicht mehr besonders ernst nimmt. Doch das entpuppt sich schnell als Fehler, als in Charleys Nachbarschaft ein attraktiver Fremder namens Jerry (Colin Farrell) einzieht, mit dessen Auftauchen sich gleichzeitig Fälle von Vermissten häufen...</marc:subfield>
   </marc:datafield>
   <marc:datafield ind1=" " ind2=" " tag="500">
      <marc:subfield code="a">Deutsch, Englisch, Tschechisch</marc:subfield>
   </marc:datafield>
   <marc:datafield ind1="0" ind2=" " tag="490">
      <marc:subfield code="v">0</marc:subfield>
   </marc:datafield>
   <marc:datafield ind1=" " ind2=" " tag="300">
      <marc:subfield code="a">102 Min.</marc:subfield>
   </marc:datafield>
</marc:record>
